|
|
|
|
| LEADER |
02047nam a22003853i 4500 |
| 001 |
EBC4981430 |
| 003 |
MiAaPQ |
| 005 |
20240729202202.0 |
| 006 |
m o d | |
| 007 |
cr cnu|||||||| |
| 008 |
240729s2017 xx o ||||0 eng d |
| 020 |
|
|
|a 9789176854754
|q (electronic bk.)
|
| 035 |
|
|
|a (MiAaPQ)EBC4981430
|
| 035 |
|
|
|a (Au-PeEL)EBL4981430
|
| 035 |
|
|
|a (CaPaEBR)ebr11427399
|
| 035 |
|
|
|a (OCoLC)1001979128
|
| 040 |
|
|
|a MiAaPQ
|b eng
|e rda
|e pn
|c MiAaPQ
|d MiAaPQ
|
| 100 |
1 |
|
|a Richter, Johan.
|
| 245 |
1 |
0 |
|a Fluorescence Guided Resection of Brain Tumors :
|b Evaluation of a Hand-Held Spectroscopic Probe.
|
| 250 |
|
|
|a 1st ed.
|
| 264 |
|
1 |
|a Linköping :
|b Linkopings Universitet,
|c 2017.
|
| 264 |
|
4 |
|c {copy}2017.
|
| 300 |
|
|
|a 1 online resource (102 pages)
|
| 336 |
|
|
|a text
|b txt
|2 rdacontent
|
| 337 |
|
|
|a computer
|b c
|2 rdamedia
|
| 338 |
|
|
|a online resource
|b cr
|2 rdacarrier
|
| 490 |
1 |
|
|a Linköping University Medical Dissertations Series ;
|v v.1581
|
| 505 |
0 |
|
|a Intro -- Abstract -- Sammanfattning -- List of Publications -- Related Publications -- List of Acronyms -- Copyrights and Permissions -- Table of Contents -- Introduction -- 1 Anatomy -- 2 Pathology -- 3 Diagnosis -- 4 Treatment -- 5 Biomedical Optics in Brain Tumor Surgery -- 6 Aim of the Thesis -- 7 Material and Methods -- 8 Results -- 9 Discussion -- 10 Acknowledgements -- 11 References -- 12 Review of papers.
|
| 588 |
|
|
|a Description based on publisher supplied metadata and other sources.
|
| 590 |
|
|
|a Electronic reproduction. Ann Arbor, Michigan : ProQuest Ebook Central, 2024. Available via World Wide Web. Access may be limited to ProQuest Ebook Central affiliated libraries.
|
| 655 |
|
4 |
|a Electronic books.
|
| 776 |
0 |
8 |
|i Print version:
|a Richter, Johan
|t Fluorescence Guided Resection of Brain Tumors
|d Linköping : Linkopings Universitet,c2017
|
| 797 |
2 |
|
|a ProQuest (Firm)
|
| 830 |
|
0 |
|a Linköping University Medical Dissertations Series
|
| 856 |
4 |
0 |
|u https://ebookcentral.proquest.com/lib/matrademy/detail.action?docID=4981430
|z Click to View
|